ბათუმის შოთა რუსთაველის სახელმწიფო უნივერსიტეტის ბიბლიოთეკა

საქართველოს პირველი რესპუბლიკა და ოსმალეთის ექსპანსიური პოლიტიკა : (1919 წლის იანვარი - 1921 წლის მარტი) / (ბიბ.ჩანაწერი № 53371)

000 -ლიდერი
ფიქსირებული სიგრძის საკონტროლო ველი 02171nam a2200301Ia 4500
001 - საკონტროლო ნომერი
საკონტროლო ველი 20414
003 - საკონტროლო ნომრის იდენტიფიკატორი
საკონტროლო ველი GE_BSU
005 - ბოლო ოპერაციის თარიღი და დრო
საკონტროლო ველი 20201125231032.0
008 - ფიქსირებული სიგრძის მონაცემთა ელემენტები - ზოგადი ინფორმაცია
ფიქსირებული სიგრძის საკონტროლო ველი 181216s2015||||ge |||||||||||||| ||geo||
020 ## - წიგნის საერთაშორისო სტანდარტული ნომერი
International Standard Book Number 9789941077715
040 ## - კატალოგიზაციის წყარო
Transcribing agency GE_BSU
041 ## - ენის კოდი
Language code of text/sound track or separate title geo
080 ## - უნივერსალური ათობითი კლასიფიკაციის ინდექსი
Universal Decimal Classification number 94(479.22:560) ვ-12
100 ## - მთავარი ჩანაწერი - პიროვნების სახელი
Personal name ვადაჭკორია, შოთა
9 (RLIN) 5487
245 ## - ცნობა სათაურის შესახებ
Title საქართველოს პირველი რესპუბლიკა და ოსმალეთის ექსპანსიური პოლიტიკა : (1919 წლის იანვარი - 1921 წლის მარტი) /
Statement of responsibility, etc შოთა ვადაჭკორია ; რედ. ავთანდილ სონღულაშვილი
264 ## - წარმოების, გამოცემის, დისტრიბუციის და სხვა ცნობები
გამოცემის, წარმოების, დისტრიბუციის... ადგილი თბილისი :
გამოცემის, წარმოების, დისტრიბუციის... სახელწოდება გეორგიკა,
გამოცემის, წარმოების, დისტრიბუციის... თარიღი 2015.
300 ## - ფიზიკური აღწერა
Extent 108 გვ. :
Other physical details რუკა ;
Dimensions 20 სმ.
504 ## - BIBLIOGRAPHY, ETC. NOTE
Bibliography, etc ბიბლიოგრ. : გვ. 101-103
520 ## - SUMMARY, ETC.
Summary, etc რეზიუმე ინგლისურ ენაზე
653 ## - INDEX TERM--UNCONTROLLED
Uncontrolled term ისტორია
653 ## - INDEX TERM--UNCONTROLLED
Uncontrolled term ოსმალეთი და "სამხრეთ კავკასიის მუსლიმანური სახელმწიფოს" შექმნის საკითხი
653 ## - INDEX TERM--UNCONTROLLED
Uncontrolled term რუსეთ-ოსმალეთის ალიანსი და დამოუკიდებელი საქართველო
653 ## - INDEX TERM--UNCONTROLLED
Uncontrolled term საქართველოს დამოუკიდებელი რესპუბლიკა
653 ## - INDEX TERM--UNCONTROLLED
Uncontrolled term საქართველოს პირველი რესპუბლიკა და ოსმალეთის ექსპანსიური პოლიტიკა : (1919 წლის იანვარი - 1921 წლის მარტი)
700 ## - ADDED ENTRY--PERSONAL NAME
Personal name სონღულაშვილი, ავთანდილ
Relator term რედაქტორი
9 (RLIN) 9777
711 ## - ADDED ENTRY--MEETING NAME
Meeting name or jurisdiction name as entry element ივ. ჯავახიშვილის სახელობის ისტორიისა და ეთნოლოგიის ინსტიტუტიტი.
9 (RLIN) 9778
942 ## - ADDED ENTRY ELEMENTS (KOHA)
Koha item type წიგნი
Source of classification or shelving scheme
ეგზემპლარები
ჩამოწერის სტატუსი დაკარგული ეგზემპლარის სტატუსი კლასიფიკაციის წყარო ან თაროზე გაწყობის სქემა დაზიანების სტატუსი არ გაიცემა მუდმივი მდებარეობა (დაცვის ადგილი) ამჟამინდელი ადგილსამყოფელი თაროზე განთავსების ადგილი შეძენის თარიღი სრული შენახვის შიფრი შტრიხკოდი ბოლო ოპერაციის თარიღი ეგზემპლარის მიმდევრობითი ნომერი (კეტერი?) ფასის ძალაში შესვლის თარიღი ეგზემპლარის სახეობა
          ბათუმის შოთა რუსთაველის სახელმწიფო უნივერსიტეტის მთავარი ბიბლიოთეკა ბათუმის შოთა რუსთაველის სახელმწიფო უნივერსიტეტის მთავარი ბიბლიოთეკა წიგნსაცავი 2018-12-17 94(479.22:560) ვ-12 53391 2018-12-17 53391 2018-12-17 წიგნი